000 00490nam a2200169Ia 4500
008 240729s9999 xx 000 0 und d
022 _a2158-6179
245 0 _aJournal of Feminist Scholarship
260 _aUnited States
260 _bUniversity of Massachusetts, Dartmouth
650 _a The family. Marriage. Woman
650 _a Women. Feminism
650 _aSocial Sciences
856 _uhttps://doaj.org/toc/8865263ac1ad4030a2c7582f45b4c65d
942 _2ddc
942 _cDOAJEJ
999 _c69859
_d69859
945 _a1
_bMadushi Gamage
_c1
_dMadushi Gamage